[Event "RLPF-chB"]
[Site "Polch"]
[Date "1990.??.??"]
[Round "?"]
[White "Puth, Dieter"]
[Black "Kohlei, Rolf"]
[Result "1/2-1/2"]
[WhiteElo "2020"]
[BlackElo "1925"]

1.e4 g6 2.d4 Bg7 3.Nc3 c6 4.Nf3 d6 5.Bg5 Qc7 6.Qd2 Nd7 7.a4 a5 8.Bc4 h6 9.Bh4 Ngf6
10.O-O O-O 11.Rfe1 e5 12.Rad1 g5 13.Bg3 Nh5 14.dxe5 dxe5 15.Qd6 Qxd6 16.Rxd6 Re8
17.Red1 Nhf6 18.h4 g4 19.Nh2 Bf8 20.R6d3 Bb4 21.f3 Bc5+ 22.Kh1 h5 23.Ne2 Bb6
24.Nf1 Nc5 25.Rd6 Kg7 26.b3 Re7 27.Nc1 Bd7 28.R6d2 Rb8 29.Nd3 Nxd3 30.Bxd3 Be6
31.Ne3 Nd7 32.Bc4 Nf6 33.Bxe6 Rxe6  1/2-1/2

[Event "RLPF-chA"]
[Site "Polch"]
[Date "1990.??.??"]
[Round "?"]
[White "Wagner, Hans"]
[Black "Peterson, Emery"]
[Result "1-0"]
[WhiteElo "2075"]
[BlackElo "2130"]

1.e4 g6 2.d4 Bg7 3.Nc3 c6 4.Be3 d5 5.Qd2 e6 6.Nf3 Nd7 7.h4 h6 8.exd5 exd5
9.O-O-O Ndf6 10.Re1 Ne7 11.Bf4 b5 12.Ne5 Kf8 13.Bd3 a5 14.Re2 Ng4 15.Rhe1 Nxe5
16.Bxe5 Bxe5 17.Rxe5 Ra7 18.Qf4 Kg7 19.g4 Qd6 20.h5 Rf8 21.g5 Ng8 22.Rg1 hxg5
23.Qxg5 Ne7 24.Qg2 Qf6 25.Qg3 Bf5 26.Qf4 Kh8 27.Qh6+ Kg8 28.hxg6 Nxg6 29.Bxf5  1-0

[Event "RLPF-chB"]
[Site "Polch"]
[Date "1990.??.??"]
[Round "?"]
[White "Bier, Norbert"]
[Black "Kohlei, Rolf"]
[Result "0-1"]
[WhiteElo "1995"]
[BlackElo "1925"]

1.e4 g6 2.d4 Bg7 3.Nc3 c6 4.Nf3 d6 5.Be3 Nf6 6.Qd2 O-O 7.Bh6 b5 8.Bd3 Qc7
9.h3 e5 10.dxe5 dxe5 11.Bxg7 Kxg7 12.O-O Nbd7 13.Qe3 Re8 14.Ne2 Nh5 15.c4 b4
16.a3 c5 17.axb4 cxb4 18.Ra4 a5 19.Rfa1 Nc5 20.R4a2 a4 21.g4 Nf6 22.Ng3 h6
23.Nh4 Nh7 24.Be2 Ra6 25.Rd1 Rd6 26.Rd5 Rc6 27.Ra1 Be6 28.Nhf5+ gxf5 29.Nh5+ Kh8
30.Qxh6 f6 31.Nxf6 Bxd5 32.Nxe8 Rxh6 33.Nxc7 Bxe4 34.f3 Bc6 35.gxf5 Ng5 36.Nd5 Nxh3+
37.Kg2 Bxd5 38.cxd5 Nf4+ 39.Kg1 Nxe2+ 40.Kf2 Rh2+ 41.Ke3 Nd4  0-1

[Event "Porz Citroen-Cup"]
[Site "Porz"]
[Date "1990.??.??"]
[Round "5"]
[White "Schneider, B."]
[Black "Kovalev, Andrei"]
[Result "1/2-1/2"]
[WhiteElo "2435"]
[BlackElo "2500"]

1.e4 g6 2.d4 Bg7 3.Nc3 c6 4.Nf3 d5 5.h3 Nh6 6.Bd3 f6 7.Bxh6 Bxh6 8.Qe2 e6
9.O-O O-O 10.Rfe1 Nd7 11.Na4 Kh8 12.exd5 exd5 13.Qe7 Qxe7 14.Rxe7 Rd8 15.Rae1 Bf8
16.R7e3 b5 17.Nc3 Nb6  1/2-1/2

[Event "Prestwich"]
[Site "Prestwich"]
[Date "1990.??.??"]
[Round "1"]
[White "Schlosser, Michael"]
[Black "Norwood, David"]
[Result "1-0"]
[WhiteElo "2340"]
[BlackElo "2530"]

1.e4 g6 2.d4 Bg7 3.Nc3 c6 4.Bc4 d6 5.Nf3 Nf6 6.Bb3 O-O 7.h3 Qc7 8.a4 e5 9.dxe5 dxe5
10.a5 Na6 11.Be3 b5 12.axb6 axb6 13.Na4 c5 14.Nd2 Bb7 15.Nc3 Rfd8 16.Qe2 Nb4
17.Rxa8 Rxa8 18.O-O Nc6 19.Nb5 Qd7 20.Nc4 Nd4 21.Bxd4 Qxb5 22.Bxe5 Nxe4 23.Bxg7 Kxg7
24.f3 Nf6 25.Qe7 Bd5 26.Nd6 Qc6 27.Bxd5 Qxd5 28.Re1 Rf8 29.c3 h5 30.f4 h4
31.f5 g5 32.Re6 Nh7 33.Ne8+ Kh8 34.Rh6 Rxe8 35.Qxe8+ Kg7 36.Rxb6 Nf6 37.Qe2 Qxf5
38.Rd6 Ne4 39.Rd1 Ng3 40.Qf2 Qe5 41.Re1 Qd5 42.Qe3 Kg6 43.b4 cxb4 44.cxb4 Qc4
45.Qc5 Qd3 46.Qb6+ f6 47.Qe3 Qc4 48.Qe8+ Kh6 49.Qf8+ Kg6 50.Qc5 Qd3 51.Qe3 Qc4
52.Qd2 Ne4 53.Qe2  1-0

[Event "Prestwich"]
[Site "Prestwich"]
[Date "1990.??.??"]
[Round "2"]
[White "Norwood, David"]
[Black "Webster, Andrew"]
[Result "1-0"]
[WhiteElo "2530"]
[BlackElo "2275"]

1.d4 g6 2.e4 Bg7 3.Nc3 c6 4.Bc4 d6 5.Qf3 e6 6.Bf4 Nd7 7.Nge2 Qe7 8.Bb3 e5
9.dxe5 dxe5 10.Be3 Ngf6 11.g4 Nf8 12.g5 Nh5 13.Ng3 Nf4 14.h4 N8e6 15.O-O-O O-O
16.Nf5 gxf5 17.exf5 Nc5 18.Bxc5 Qxc5 19.f6 Bh8 20.Ne4 Qb4 21.a3 Qa5 22.h5 Be6
23.g6 fxg6 24.Bxe6+ Nxe6 25.hxg6 Nf4 26.f7+ Kg7 27.Rxh7+ Kxg6 28.Qg4+  1-0

[Event "Prestwich"]
[Site "Prestwich"]
[Date "1990.??.??"]
[Round "5"]
[White "Quillan, Gary"]
[Black "Norwood, David"]
[Result "1/2-1/2"]
[WhiteElo "2295"]
[BlackElo "2530"]

1.e4 g6 2.d4 Bg7 3.Nc3 c6 4.f4 d5 5.e5 h5 6.Nf3 Nh6 7.Be2 Bg4 8.Be3 Nf5 9.Bf2 Nd7
10.Qd2 Qb6 11.h3 Bxf3 12.Bxf3 h4 13.Nd1 e6 14.c3 Bh6 15.Bg4 f6 16.Bxf5 gxf5
17.Bxh4 fxe5 18.dxe5 Kf7 19.Bf2 Qb5 20.Qe3 Rag8 21.Qf3 Bf8 22.b3 Nc5 23.Bxc5 Bxc5
24.Nb2 Qa5 25.O-O-O Qxa2 26.b4 Be7 27.Kc2 Qa6 28.g4 Qb6 29.Rhg1 a5 30.bxa5 Qxa5
31.gxf5 exf5 32.e6+ Kxe6 33.Rde1+ Kd7 34.Qe3 Re8 35.Rg7 Qa3 36.Qe6+ Kd8 37.Qe5 Rxh3
38.Qb8+ Kd7 39.Qxb7+ Kd8 40.Qb8+ Kd7 41.Qb7+ Kd8 42.Qb8+  1/2-1/2

[Event "Pula op"]
[Site "Pula"]
[Date "1990.??.??"]
[Round "4"]
[White "Mencinger, Vojko"]
[Black "Geleta, Jovan"]
[Result "1/2-1/2"]
[WhiteElo "2380"]
[BlackElo "2295"]

1.e4 c6 2.d4 g6 3.Nc3 Bg7 4.Nf3 d5 5.h3 dxe4 6.Nxe4 Nf6 7.Nxf6+ Bxf6 8.Bc4 c5
9.Be3 Nc6 10.d5 Ne5 11.Nxe5 Bxe5 12.c3 O-O 13.O-O Qd6 14.Re1 a6 15.a4 Bd7
16.a5 Rac8 17.Qe2 Rfe8 18.Bg5 Bf6 19.Qe3 Bxg5 20.Qxg5 Kg7 21.Qe5+ Qxe5 22.Rxe5 Kf8
23.Ra3 Rc7 24.Rb3 Rd8 25.Rb6 Be8 26.Re4 Rd6 27.Ba2 Bb5 28.c4  1/2-1/2

[Event "Reykjavik op"]
[Site "Reykjavik"]
[Date "1990.??.??"]
[Round "1"]
[White "Vidarsson, Jon G"]
[Black "Petursson, Margeir"]
[Result "0-1"]
[WhiteElo "2290"]
[BlackElo "2555"]

1.e4 g6 2.d4 Bg7 3.Nc3 c6 4.Nf3 d6 5.Be2 Nd7 6.O-O Qc7 7.Bg5 Ngf6 8.Re1 O-O
9.Qd2 e5 10.Rad1 Re8 11.Bf1 b5 12.dxe5 dxe5 13.Qd6 Qb7 14.Qd2 Nc5 15.Qe3 Ne6
16.Bh4 Nd7 17.Rd2 Qb6 18.Qxb6 axb6 19.a3 Nd4 20.Bg5 Nc5 21.Be3 Nce6 22.Ng5 Nc7
23.Nf3 Rd8 24.Ne2 Nxf3+ 25.gxf3 Rxd2 26.Bxd2 Ne6 27.c3 Nc5 28.Be3 Be6 29.Rd1 Bf8
30.Nc1 Na4 31.Rd2 f6 32.Be2 g5 33.Bd1 Nc5 34.Nd3 Kf7 35.Nb4 Rc8 36.Kf1 h5
37.Ke1 Be7 38.Bc2 Bc4 39.Bd1 Ke6 40.Bc2 Bd6 41.Nd3 Ke7 42.Nxc5 bxc5 43.Bd3 Be6
44.Rd1 c4 45.Bc2 c5 46.Rb1 Kd7 47.Ke2 Kc6 48.Bd2 Rg8 49.Rg1 h4 50.Be3 Bh3
51.Bd2 Rb8 52.Ra1 Ra8 53.Rb1 Be7 54.Be3 b4 55.Ra1 Bg2 56.Bd2 b3 57.Bd1 g4
58.fxg4 Bxe4 59.Ke3 Rd8 60.Be1 f5 61.gxf5 Bxf5 62.Bf3+  0-1

[Event "Rome op"]
[Site "Rome"]
[Date "1990.??.??"]
[Round "2"]
[White "Pangrazzi, Marco"]
[Black "Chernin, Alexander"]
[Result "0-1"]
[WhiteElo "2260"]
[BlackElo "2600"]

1.e4 g6 2.d4 Bg7 3.Nc3 c6 4.g3 d5 5.exd5 cxd5 6.Bg2 Nf6 7.Nce2 Nc6 8.f4 Bf5
9.c3 b5 10.Nf3 O-O 11.O-O Qb6 12.h3 b4 13.g4 Be4 14.Ng3 e6 15.g5 Bxf3 16.Bxf3 Ne8
17.Kg2 Nd6 18.h4 Rfc8 19.h5 Ne7 20.Bd2 Ne4 21.Rh1 bxc3 22.bxc3 Qb2 23.Nf1 Nf5
24.Qc1 Rab8 25.Be2 Nxd2 26.Nxd2 Rxc3  0-1

[Event "Schwaebisch Gmuend op"]
[Site "Schwaebisch Gmuend"]
[Date "1990.??.??"]
[Round "?"]
[White "Winterstein, Wolfgang"]
[Black "Csulits, Anton"]
[Result "1/2-1/2"]
[WhiteElo "2275"]
[BlackElo "2320"]

1.e4 g6 2.d4 Bg7 3.Nc3 c6 4.f4 d5 5.e5 h5 6.Nf3 Bg4 7.Be2 e6 8.Be3 Ne7 9.Qd2 Nd7
10.g3 Nf5 11.Bf2 Bf8 12.h3 Bxf3 13.Bxf3 c5 14.O-O-O Nxd4 15.Bxd4 cxd4 16.Nb5 Qb6
17.Nxd4 Rc8 18.Qd3 Nc5 19.Qb5+  1/2-1/2

[Event "Schwaebisch Gmuend op"]
[Site "Schwaebisch Gmuend"]
[Date "1990.??.??"]
[Round "?"]
[White "Hresc, Vladimir"]
[Black "Gutman, Lev"]
[Result "1-0"]
[WhiteElo "2335"]
[BlackElo "2475"]

1.e4 g6 2.d4 Bg7 3.Nc3 c6 4.Bc4 Nf6 5.e5 Nd5 6.Bxd5 cxd5 7.Nxd5 d6 8.exd6 Qxd6
9.c4 O-O 10.Bf4 Qd8 11.Bc7 Qd7 12.Be5 f6 13.Bg3 b5 14.Nc7 f5 15.Nxa8 f4 16.Bh4 Bb7
17.f3 bxc4 18.Ne2 Nc6 19.O-O Bxa8 20.Qa4 Qd5 21.Nc3 Qf7 22.d5 Nd4 23.Rae1 Nf5
24.Bf2 Bxd5 25.Qxa7 g5 26.Qd7 e6 27.Qxf7+ Kxf7 28.Rd1 Bxc3 29.bxc3 Ra8 30.Rd2 h5
31.Bc5 Ra5 32.Bb4 Ra8 33.a3 Ne3 34.Re1 Kf6 35.Kf2 Nf5 36.Ra1 Ra4 37.h3 g4
38.hxg4 hxg4 39.fxg4 Ne3 40.Kg1 Nxg4 41.Rf1 Kf5 42.Bd6 Ne5 43.g4+ Nxg4 44.Rxf4+ Kg5
45.Rdd4 Ne3 46.Be7+ Kg6 47.Rf6+ Kh5 48.Rf8 Ra7 49.Rh8+  1-0

[Event "Wch U18"]
[Site "Singapore"]
[Date "1990.??.??"]
[Round "?"]
[White "Kogan, Artur"]
[Black "Webster, Andrew"]
[Result "1-0"]
[WhiteElo "2335"]
[BlackElo "2275"]

1.e4 g6 2.d4 Bg7 3.Nc3 c6 4.Bc4 d5 5.exd5 b5 6.Bb3 b4 7.Nce2 cxd5 8.Bd2 a5
9.a3 bxa3 10.Rxa3 Nc6 11.Nf3 e6 12.Ba4 Bd7 13.h4 h6 14.Bf4 Nge7 15.Qd2 f6
16.Bd6 Nf5 17.Bc5 h5 18.O-O Qb8 19.b3 Nd6 20.Bxc6 Bxc6 21.Bxd6 Qxd6 22.Rxa5 Rxa5
23.Qxa5 O-O 24.Ra1 e5 25.Qa3 Qe6 26.Qc5 Rc8 27.dxe5 Bd7 28.Qe3 fxe5 29.c3 Bb5
30.Ng3 Qd6 31.Ra7 d4 32.cxd4 exd4 33.Qg5 Rc5 34.Ra8+ Kh7 35.Ne4 Qd5 36.Rd8 Rc1+
37.Qxc1 Qxd8 38.Nfg5+  1-0

[Event "Wch U18"]
[Site "Singapore"]
[Date "1990.??.??"]
[Round "?"]
[White "Tong Yuanming"]
[Black "Webster, Andrew"]
[Result "1-0"]
[WhiteElo "2360"]
[BlackElo "2275"]

1.e4 g6 2.d4 Bg7 3.Nc3 c6 4.Bc4 d6 5.Nf3 Nf6 6.O-O d5 7.Bd3 dxe4 8.Nxe4 Nxe4
9.Bxe4 Nd7 10.Re1 O-O 11.c3 c5 12.Bg5 Nf6 13.Bc2 cxd4 14.Nxd4 Re8 15.Bb3 Qa5
16.Bh4 Bg4 17.Qd3 Rad8 18.Qc4 Nd5 19.h3 Bc8 20.Bxe7 Rd7 21.Bh4 Rf8 22.Rad1 a6
23.Nf3 Nf6 24.Rxd7 Bxd7 25.Ng5 Bc6 26.Qd3 h6 27.Nxf7 Bd5 28.Bxf6 Bxb3 29.Qxg6  1-0

[Event "St Ingbert op"]
[Site "St Ingbert"]
[Date "1990.??.??"]
[Round "2"]
[White "Moser, Klaus"]
[Black "Moskalenko, Viktor"]
[Result "0-1"]
[WhiteElo "2315"]
[BlackElo "2525"]

1.e4 g6 2.d4 Bg7 3.Nc3 c6 4.Bc4 b5 5.Bb3 a5 6.a3 Ba6 7.Qf3 e6 8.e5 d5 9.exd6 Nf6
10.Bg5 h6 11.Bh4 O-O 12.Nge2 g5 13.Bg3 b4 14.axb4 axb4 15.Na4 Nd5 16.Rd1 Nd7
17.O-O f5 18.h3 h5 19.Bxd5 exd5 20.c4 Bxc4 21.b3 g4  0-1

[Event "St Ingbert op"]
[Site "St Ingbert"]
[Date "1990.??.??"]
[Round "7"]
[White "Dimitrov, Vladimir"]
[Black "Gallo, Jens"]
[Result "1-0"]
[WhiteElo "2455"]
[BlackElo "2235"]

1.e4 g6 2.d4 Bg7 3.Nc3 c6 4.f4 d5 5.e5 h5 6.Nf3 Bg4 7.h3 Bxf3 8.Qxf3 e6 9.Bd3 Nh6
10.Be3 Qb6 11.O-O Qxb2 12.Na4 Qa3 13.Nc5 b6 14.Nxe6 fxe6 15.Bxg6+ Kd7 16.f5 exf5
17.Bxf5+ Kc7 18.Qg3 Bf8 19.Bd3 b5 20.Rf3 Na6 21.Raf1 Qb4 22.c3 Qa3 23.Bc1 Qxa2
24.Rxf8 Rhxf8 25.Rxf8 Rxf8 26.Bxh6 Qa1+ 27.Kh2 Ra8 28.Bg6 h4 29.Qe3 Kb6 30.e6 Nc7
31.e7 Rg8 32.Bf4 Ne8 33.Bf7 Rh8 34.Qe5 Qf1 35.Bxe8 Rxe8 36.Qc7+ Ka6 37.Qxc6+ Ka5
38.Bc7+  1-0

[Event "Stockholm"]
[Site "Stockholm"]
[Date "1990.??.??"]
[Round "?"]
[White "Wedberg, Tom"]
[Black "Johansson, Jan"]
[Result "1/2-1/2"]
[WhiteElo "2480"]
[BlackElo "2460"]

1.e4 g6 2.d4 Bg7 3.Nc3 c6 4.f4 d5 5.e5 h5 6.Be3 Nh6 7.Nf3 Bg4 8.Be2 e6 9.Qd2 Nd7
10.Bf2 Nf5 11.Nd1 Bf8 12.Ne3 Be7 13.g3 c5 14.c3 cxd4 15.Nxd4 Bxe2 16.Nexf5 gxf5
17.Nxe2 Nc5 18.Bxc5 Bxc5 19.O-O-O Qb6 20.Nd4 O-O-O 21.Qe2 h4 22.g4 fxg4 23.Qxg4 Rdg8
24.Qh3 Kb8 25.Kb1 a5 26.Ka1 Rg7 27.Rd2 Rhg8 28.Rhd1 Rg1 29.a3 Ka7 30.Qd3 Bxd4
31.cxd4 Rxd1+ 32.Rxd1 Rg2 33.Rd2 h3 34.Kb1 Rg1+  1/2-1/2

[Event "Val Thorens op"]
[Site "Val Thorens"]
[Date "1990.??.??"]
[Round "3"]
[White "Zolnierowicz, Krzysztof"]
[Black "Lupu, Mircea Sergiu"]
[Result "0-1"]
[WhiteElo "2400"]
[BlackElo "2440"]

1.e4 g6 2.d4 Bg7 3.Nc3 c6 4.Be3 Qb6 5.Qd2 Qxb2 6.Rb1 Qa3 7.f4 Qa5 8.Nf3 Nf6
9.Bd3 O-O 10.h3 d6 11.O-O Nbd7 12.e5 Ne8 13.Ng5 e6 14.h4 c5 15.d5 exd5 16.Rb5 Qd8
17.e6 Nc7 18.exd7 Bxd7 19.Rxb7 d4 20.Be4 dxe3 21.Qxd6 Bxc3 22.Rxc7 Bb5 23.Qxc5 e2  0-1

[Event "Vienna op"]
[Site "Vienna"]
[Date "1990.??.??"]
[Round "5"]
[White "Schlosser, Michael"]
[Black "Strauss, Anton"]
[Result "1-0"]
[WhiteElo "2360"]
[BlackElo "2205"]

1.e4 g6 2.d4 Bg7 3.Nc3 c6 4.Bc4 b5 5.Bb3 b4 6.Na4 d6 7.a3 Nf6 8.f3 a5 9.Be3 O-O
10.Qd2 Na6 11.Qf2 Nd7 12.Ne2 bxa3 13.Rxa3 Nb4 14.O-O Ba6 15.Rd1 Nb6 16.Nxb6 Qxb6
17.Nc1 c5 18.dxc5 dxc5 19.c3 Rfd8 20.cxb4 Qxb4 21.h3 c4 22.Ra4 Qb7 23.Bc2 Rxd1+
24.Bxd1 Rd8 25.Be2 Qxb2 26.Rxa5 Bb5 27.Ra7 Bd4 28.Rb7 Bxe3 29.Qxe3 Rd2 30.Qh6 Qxc1+
31.Kh2 f6 32.Rxe7  1-0

[Event "Vienna op"]
[Site "Vienna"]
[Date "1990.??.??"]
[Round "6"]
[White "Szalanczy, Emil"]
[Black "Spraggett, Kevin"]
[Result "1-0"]
[WhiteElo "2405"]
[BlackElo "2540"]

1.e4 g6 2.d4 Bg7 3.Nc3 c6 4.Nf3 d5 5.h3 Nh6 6.Bd3 f6 7.Qe2 Nf7 8.Bf4 O-O
9.O-O-O e5 10.Bh2 exd4 11.Nxd4 Re8 12.Nf3 f5 13.e5 Qb6 14.Rhe1 Be6 15.Nd2 c5
16.Bb5 Nc6 17.f4 a6 18.Bxc6 Qxc6 19.Qf3 b5 20.Nf1 Red8 21.Ne3 Kh8 22.Ncxd5 b4
23.Rd2 a5 24.Red1 c4 25.Rd4 Qa4 26.Kb1 c3 27.Nxc3  1-0

[Event "Wiesbaden op"]
[Site "Wiesbaden"]
[Date "1990.??.??"]
[Round "?"]
[White "Dimitrov, Vladimir"]
[Black "Gutman, Lev"]
[Result "1/2-1/2"]
[WhiteElo "2455"]
[BlackElo "2475"]

1.e4 g6 2.d4 Bg7 3.Nc3 c6 4.f4 Nf6 5.Bd3 O-O 6.Nf3 Na6 7.a3 Nc7 8.O-O d6
9.Qe1 Bg4 10.Qh4 Bxf3 11.Rxf3 Nd7 12.Be3 e6 13.Qf2 f5 14.e5 Nb6 15.Ne2 Nbd5
16.Bd2 b5 17.b3 a5 18.c4 Ne7 19.Rd1 Qd7 20.h3 Rfd8 21.Kh1 a4 22.exd6 Qxd6
23.Bb4 Qd7 24.Qh4 Re8 25.bxa4 bxc4 26.Bxc4 Rxa4 27.Bb3 Raa8 28.a4 Ned5 29.Be1 Nf6
30.Qf2 Ne4 31.Qe3 Nd5 32.Qc1 Rec8 33.Qa3 Bf8 34.Qb2 Rcb8 35.a5 Bb4 36.Bxb4 Rxb4
37.Ra1 Qb7 38.a6 Qb6 39.a7 Nd6  1/2-1/2

[Event "Wuppertal (Women)"]
[Site "Wuppertal"]
[Date "1990.??.??"]
[Round "5"]
[White "Barthel, Bergit"]
[Black "Fischdick, Gisela"]
[Result "1/2-1/2"]
[WhiteElo "2060"]
[BlackElo "2285"]

1.e4 g6 2.d4 Bg7 3.Nc3 c6 4.h3 d5 5.Nf3 Nf6 6.Bd3 dxe4 7.Nxe4 Nxe4 8.Bxe4 Nd7
9.O-O O-O 10.c3 e5 11.dxe5 Nxe5 12.Qxd8 Nxf3+ 13.Bxf3 Rxd8 14.Bg5 f6  1/2-1/2

[Event "Wuppertal (Women)"]
[Site "Wuppertal"]
[Date "1990.??.??"]
[Round "9"]
[White "Barthel, Bergit"]
[Black "Janus, Elfi"]
[Result "1/2-1/2"]
[WhiteElo "2060"]
[BlackElo "2115"]

1.e4 c6 2.d4 g6 3.Nc3 Bg7 4.h3 Qb6 5.Nf3 d6 6.Be2 Na6 7.O-O Bd7 8.Bd2 Rd8
9.Qc1 Bc8 10.Na4 Qc7 11.c4 Nf6 12.Nc3 e5 13.Bh6 O-O 14.Bxg7 Kxg7 15.d5 Nh5
16.a3 Nf4 17.Qe3 h6 18.Nd2 Qe7 19.Kh2 c5 20.Rg1 b6 21.Bf1 Kh7 22.g3 Nh5 23.Be2 Qd7
24.Bg4 Qe7 25.Bxh5 gxh5 26.Nf3 Qd7 27.Rh1 Rg8 28.Kg2 Qe7 29.Kf1 Nc7 30.Nh4 Qf6
31.Ke2 Ba6 32.Qd3 Rb8 33.a4 Bc8 34.Nb5 Nxb5 35.axb5 Ra8 36.Qf3 Qxf3+ 37.Kxf3 a6
38.b3 a5 39.Nf5 Bxf5 40.exf5 Rg5 41.g4 Kg7 42.Rhg1 Kf6 43.Ke3 Rag8 44.f3 hxg4
45.fxg4 h5 46.Kf3 hxg4+ 47.hxg4 Rh8 48.Rh1 Rgg8 49.Rag1 Kg5 50.Rh5+ Kf6 51.Rgh1 Rxh5
52.Rxh5 Rd8 53.Ke4 Kg7 54.Rg5+ Kh6 55.Rh5+ Kg7 56.Rg5+ Kh6 57.Rh5+ Kg7  1/2-1/2

[Event "Aarhus op"]
[Site "Aarhus"]
[Date "1991.??.??"]
[Round "8"]
[White "Dobos, Jozsef"]
[Black "Rewitz, Poul"]
[Result "1-0"]
[WhiteElo "2385"]
[BlackElo "2205"]

1.d4 g6 2.e4 Bg7 3.Nc3 c6 4.Bc4 d6 5.Bb3 e6 6.Nf3 Ne7 7.h4 h6 8.Bf4 a6 9.Qd2 b5
10.a3 Ra7 11.Ne2 a5 12.c3 Rb7 13.Ng3 Rb6 14.O-O Ba6 15.Rfc1 Nc8 16.a4 b4
17.c4 Rb7 18.c5 d5 19.exd5 exd5 20.h5 Ne7 21.hxg6 fxg6 22.Re1 Kd7 23.Ne5+ Bxe5
24.Bxe5 Rh7 25.Bc2 Kc8 26.Qf4 h5 27.Bxg6 Nxg6 28.Qf5+ Qd7 29.Qxg6 Qf7 30.Qg5 Bd3
31.Re3 Qg6 32.Qh4 Bb1 33.Kh2 Rbe7 34.Re1 Bc2 35.Bd6 Rxe1 36.Rxe1 Nd7 37.Nf1 Nf6
38.Bg3 Ng4+ 39.Kg1 Qf6 40.Qxf6 Nxf6 41.Re6 Nd7 42.Rxc6+ Kb7 43.Rc7+ Ka6 44.Ne3 Bxa4
45.c6 Nf6 46.Rc8 Ne8 47.Rxe8 Bxc6 48.Re6 Kb5 49.b3 Ra7 50.Nc2 a4 51.bxa4+ Rxa4
52.Nxb4 Rxb4 53.Be5 Rb2 54.Rd6 Rc2 55.Rd8 Kc4 56.Rh8 Kd3 57.Rxh5 Ke2 58.f4 Be8
59.Rg5 Rc1+ 60.Kh2 Rf1 61.f5 Ke3 62.f6 Bd7 63.Rg7 Bf5 64.Rg3+ Ke2 65.Rg7 Ke3
66.Kg3 Ke4 67.Re7 Bg6 68.Bf4+ Kxd4 69.f7 Bxf7 70.Rxf7 Kc4 71.Rc7+ Kd3 72.Kg4 d4
73.Kf5 Ke2 74.g4 d3 75.Rd7 Rb1 76.g5 Rb3 77.g6 Kf3 78.g7 d2 79.Bxd2  1-0

[Event "AUT-chT"]
[Site "?"]
[Date "1991.??.??"]
[Round "?"]
[White "Mathe, Gaspar"]
[Black "Fauland, Alexander"]
[Result "1-0"]
[WhiteElo "2405"]
[BlackElo "2470"]

1.e4 g6 2.d4 Bg7 3.Nc3 c6 4.a4 d5 5.Nf3 Bg4 6.e5 Nh6 7.Be2 Nf5 8.Ng5 Bxe2
9.Nxe2 e6 10.Ng3 c5 11.Nxf5 gxf5 12.c3 cxd4 13.cxd4 Nc6 14.O-O h6 15.Nh3 Qb6
16.Be3 O-O-O 17.Nf4 Bf8 18.Nd3 Kb8 19.Rc1 Be7 20.Rc3 h5 21.Rb3 Qc7 22.Qc2 Rc8
23.Rc1 Na5 24.Rc3 Qd7 25.Bd2 Nc6 26.Be3 Bb4 27.Nxb4 Nxb4 28.Rxc8+ Rxc8 29.Qxc8+ Qxc8
30.Rxc8+ Kxc8 31.g3 Nd3 32.b3 Ne1 33.Kf1 Nf3 34.Ke2 Ng1+ 35.Kd3 Nf3 36.h4 a5
37.Bd2 Nxd2 38.Kxd2 f4 39.g4 Kd8 40.gxh5 Ke8 41.Ke2 Kf8 42.Kf3 Kg7 43.Kxf4 Kh6
44.Kg4  1-0

[Event "URS-chT"]
[Site "Azov"]
[Date "1991.??.??"]
[Round "?"]
[White "Shur, Mikhail"]
[Black "Itkis, Boris"]
[Result "1-0"]
[WhiteElo "2345"]
[BlackElo "2355"]

1.e4 g6 2.d4 Bg7 3.Nc3 c6 4.Nf3 d6 5.a4 Nf6 6.Be2 O-O 7.O-O a5 8.h3 Na6 9.Bg5 Nb4
10.e5 Ne8 11.Na2 Nxa2 12.Rxa2 f6 13.exf6 exf6 14.Bf4 Nc7 15.Ra3 d5 16.Re1 Ne6
17.Bc1 Qd6 18.Rb3 Qe7 19.c4 Qd6 20.Bf1 Re8 21.cxd5 Qxd5 22.Rc3 Bd7 23.Bc4 Qd6
24.d5 cxd5 25.Qxd5 Qxd5 26.Bxd5 Kh8 27.Bxb7 Rab8 28.Bc6 Ng5 29.Rxe8+ Bxe8
30.Bxe8 Rxe8 31.Kf1 Ne4 32.Rc2 f5 33.Nd2 h5 34.Nb3 Ra8 35.h4 Bf6 36.g3 Kg8
37.Kg2 Be5 38.Be3 Kf7 39.Bd4 Ke6 40.f3 Rb8 41.fxe4 Rxb3 42.exf5+ Kd5 43.Bxe5 Kxe5
44.fxg6 Kf6 45.Rc6+ Kg7 46.Rc5 Rxb2+ 47.Kf3 Kxg6 48.Rxa5 Rb3+ 49.Kf2 Rb2+
50.Ke1 Kh6 51.Rg5 Ra2 52.a5 Rg2 53.Kd1 Ra2 54.Kc1  1-0

[Event "Bad Ragaz op"]
[Site "Bad Ragaz"]
[Date "1991.??.??"]
[Round "4"]
[White "Priehoda, Vitezslav"]
[Black "Staller, Peter"]
[Result "1/2-1/2"]
[WhiteElo "2365"]
[BlackElo "2365"]

1.d4 g6 2.e4 Bg7 3.Nc3 c6 4.Nf3 d5 5.h3 Nf6 6.e5 Ne4 7.Nxe4 dxe4 8.Ng5 c5
9.Bc4 O-O 10.c3 cxd4 11.cxd4 Nc6 12.Be3 Qa5+ 13.Kf1 h6 14.Nxe4 Rd8 15.f4 Qb6
16.Qb3 Qxb3 17.Bxb3 Nxd4 18.Rd1 Bf5 19.Rxd4 Rxd4 20.Bxd4 Bxe4 21.Kf2 Bc6
22.Rd1 b6 23.Rc1 Rc8 24.g4 Bd7 25.Rxc8+ Bxc8 26.Bc2 e6 27.b4 Bf8 28.b5 Bb4
29.Be4 Kf8 30.h4 Ba5 31.a4 Bd2 32.Kf3 Ke7 33.h5 gxh5 34.gxh5 Bd7 35.Bf2 Bb4
36.Ke2 f5 37.exf6+ Kxf6 38.Bd4+ Kf7 39.Bg6+ Kf8 40.Be5 Bc8 41.Bd3 Ke8 42.Be4 a6
43.Bc6+ Kf7 44.Bd4 axb5 45.axb5 Bd6 46.Bxb6 Bxf4 47.Kf3 Bb8 48.Be3 Kg7 49.Ke4 e5
50.Kd5 Bg4 51.Be8 Bf3+ 52.Ke6 Be2 53.b6 Bc4+ 54.Ke7 Bd5 55.Bd7 Bb7 56.Bf5 Bf3
57.Bg6 Bc6 58.Bc5 Bb7 59.Kd7 e4 60.Bd4+ Kf8 61.Be3 Kg7 62.Ke7 Be5 63.Ke6 Bb8
64.Be8 Kf8 65.Bb5 Kg7 66.Kd7 Bd5 67.Bc6 Bf7 68.Bxe4 Bxh5 69.Bd4+ Kf7 70.Bd5+ Kg6
71.Bc5 Kf6 72.Bd4+ Kf5 73.Ke7 Be2 74.Bf2 h5 75.Kd7 Ba6 76.Bf3 Kg5 77.Be3+ Kg6
78.Be4+ Kf6 79.Bc5 Ke5 80.Bg6 h4 81.Bf2 h3  1/2-1/2

[Event "Belgorod"]
[Site "Belgorod"]
[Date "1991.??.??"]
[Round "?"]
[White "Kiselev, Sergey"]
[Black "Maciejewski, Andrzej"]
[Result "1/2-1/2"]
[WhiteElo "2475"]
[BlackElo "2435"]

1.d4 g6 2.e4 Bg7 3.Nc3 c6 4.Bc4 b5 5.Bb3 b4 6.Nce2 d5 7.exd5 cxd5 8.Nf4 Nf6
9.Qf3 e6 10.h4 Nc6 11.Nge2 h5 12.a3 bxa3 13.Rxa3 O-O 14.Nd3 Ne4 15.c3 Na5
16.Ba2 Bb7 17.Qf4 Nc4 18.Bxc4 dxc4 19.Ne5 Qd5 20.f3 Nc5 21.O-O Nd3 22.Qg3 Bxe5
23.dxe5 Qxe5 24.Qxe5 Nxe5 25.Be3 a6 26.Bd4 Nd3 27.Bf6 Bd5 28.Rfa1 Rab8 29.Rxa6 Rxb2
30.Nd4 Nc5 31.Rd6 Nb3 32.Ra7 Nxd4 33.Bxd4  1/2-1/2

[Event "Belgorod"]
[Site "Belgorod"]
[Date "1991.??.??"]
[Round "?"]
[White "Sorokin, Maxim"]
[Black "Maciejewski, Andrzej"]
[Result "1-0"]
[WhiteElo "2500"]
[BlackElo "2435"]

1.d4 g6 2.e4 Bg7 3.Nc3 c6 4.Bc4 b5 5.Bb3 b4 6.Nce2 d5 7.exd5 cxd5 8.Bd2 a5
9.a3 bxa3 10.Rxa3 e6 11.Ba4+ Bd7 12.Bxd7+ Qxd7 13.Rxa5 Rxa5 14.Bxa5 Nc6 15.Bc3 Nf6
16.f3 Qa7 17.Nh3 Nd7 18.Nf2 O-O 19.O-O Rd8 20.Qd2 Nb6 21.b3 Nc8 22.Ra1 Qb7
23.Nd3 Nd6 24.Nb4 Ne7 25.Qd3 Nb5 26.Be1 Nf5 27.c3 h5 28.Na6 Qb6 29.Nc5 e5
30.Ra6 Qb8 31.Ra5 Nc7 32.Bf2 exd4 33.Nxd4 Nxd4 34.cxd4 Re8 35.Na6 Nxa6 36.Rxa6 Rc8
37.g3 Qb4 38.Kg2 Rb8 39.Ra4 Qd6 40.Qa6 Qe7 41.b4 h4 42.gxh4 Bf6 43.Qc6 Bxh4
44.Bxh4 Qxh4 45.Qxd5 Qe1 46.Qe5 Qd2+ 47.Kg3 Rd8 48.b5 Qd1 49.Ra2 Qg1+ 50.Rg2 Qa1
51.b6 Rxd4 52.Qe8+ Kg7 53.b7 Qa5 54.b8=Q Qg5+ 55.Kf2 Rd2+ 56.Ke1  1-0

[Event "Belgrade-C"]
[Site "Belgrade"]
[Date "1991.??.??"]
[Round "2"]
[White "Ziatdinov, Raset"]
[Black "Raicevic, Momcilo"]
[Result "1-0"]
[WhiteElo "2515"]
[BlackElo "2375"]

1.e4 g6 2.d4 c6 3.Nc3 Bg7 4.Nf3 d5 5.h3 Nf6 6.e5 Ne4 7.Nxe4 dxe4 8.Ng5 c5
9.e6 fxe6 10.dxc5 Qd5 11.Qg4 O-O 12.Nxe4 Bd4 13.Bd3 Nc6 14.O-O Ne5 15.Qe2 Nxd3
16.Qxd3 e5 17.Bg5 Bf5 18.Rae1 Rf7 19.b3 Raf8 20.Kh1 Bxe4 21.Rxe4 Qxc5 22.f3 b5
23.Rfe1 Rc8 24.R4e2 Bf2 25.Rd1 e4 26.Qxe4 Qxg5 27.Rxf2 Qf5 28.Qe2 Qc5 29.Qe1 Rf6
30.Rd7 Rc7 31.Rd8+ Rf8 32.Rd3 Rfc8 33.Rfd2 Qg5 34.Qe2 a6 35.Rd5 Qf6 36.Qe4 Kf7
37.Kh2 Qe6 38.Qh4 h5 39.Qf4+ Kg7 40.Qd4+ Kf7 41.Re5 Qf6 42.Qd5+ Kf8 43.Ree2 Rc6
44.Qd7 R8c7 45.Qd8+ Kf7 46.Kh1 Rc5 47.Qd3 Qf5 48.Re4 Qf6 49.Rde2 Qd6 50.Rd4 Qf6
51.Ree4 Rc3 52.Qd2 Rxc2 53.Qh6 e5 54.Rd5 Qg7 55.Qe3 Qf6 56.Rdxe5 Rxa2 57.Rf4  1-0

[Event "Belgrade-C"]
[Site "Belgrade"]
[Date "1991.??.??"]
[Round "8"]
[White "Marinkovic, Slavisa"]
[Black "Raicevic, Momcilo"]
[Result "0-1"]
[WhiteElo "2335"]
[BlackElo "2375"]

1.e4 g6 2.d4 c6 3.Nc3 Bg7 4.Nf3 d5 5.h3 Nf6 6.Bd3 dxe4 7.Nxe4 Nxe4 8.Bxe4 Nd7
9.O-O O-O 10.Bg5 h6 11.Bd2 c5 12.c3 cxd4 13.cxd4 Nf6 14.Bd3 b6 15.Bf4 Bb7
16.Be5 Qd7 17.Qe2 Rac8 18.Rad1 Qa4 19.a3 Qb3 20.Rd2 Rfd8 21.Bxf6 Bxf6 22.Be4 Bd5
23.Bxd5 Rxd5 24.Qe3 Qxe3 25.fxe3 Rd7 26.Rfd1 h5 27.g4 hxg4 28.hxg4 Rdc7 29.Kf2 b5
30.Ke2 b4 31.axb4 Rb8 32.Kd3 Rxb4 33.Rc2 Rb3+ 34.Rc3 Rcb7 35.Nd2 Rxb2 36.Ne4 Bh4
37.g5 Rg2 38.Rh1 Rg4 39.d5 Rb5 40.Rc8+ Kg7 41.Nc3 Ra5 42.Re8 Bxg5 43.Rhh8 Ra3
44.Reg8+ Kf6 45.Rh3 Ke5 46.Rf3 Re4 47.d6 Kxd6 48.Kxe4 Rxc3 49.Rxf7 Rxe3+
50.Kd4 Re6 51.Rff8 Be3+ 52.Kd3 Bb6 53.Rg7 Ke5 54.Rff7 Bc5 55.Kc4 Bd6 56.Rf1 Rf6
57.Rxf6 Kxf6 58.Rg8 a5 59.Ra8 Bb4 60.Kd3 Kf5 61.Rf8+ Kg4 62.Ke4 g5 63.Rf1 Kh3
64.Rf3+ Kh4 65.Kf5 g4 66.Rf4 e6+ 67.Kxe6 Kh3 68.Kf5 g3 69.Rf3 Kh2 70.Kg4 g2
71.Rh3+ Kg1  0-1